000 00458nam a2200181Ia 4500
005 20240823045811.0
008 240823s9999||||xx |||||||||||||| ||und||
020 _a978-81-8371-117-3
041 _aENGLISH
082 _A620.11 Q0
100 _aSelva Kumar N
245 0 _aEngineering Materials and Metallurgy
250 _a1st
260 _c2010
_b"Scitech Publications,Ch"
500 _aYES
650 _aengineeirng Materials
_bCivil
942 _cBK
999 _c215793
_d215793